000 00470nam a2200193 a 4500
001 1901
003 CO-ViMGA
008 141112s2004 ck r 000 u spa d
040 _aCO-ViMGA
_bspa
_cCO-ViMGA
082 0 4 _a841.8 B182f
100 1 _aBaudelaire, Charles
_93999
245 1 0 _aLas flores del mal
250 _a5a
260 _aMadrid :
_bVisor,
_c1996
300 _a214 p
490 _aVisor e poesia, 72
650 1 4 _aPOESIA FRANCESA
_94000
942 _2ddc
_cBK
999 _c14053
_d14053